[Event "V Open Alta Padovana B"]
[Site "Loreggia ITA"]
[Date "2005.02.26"]
[Round "2"]
[White "Quaranta, Gaetano"]
[Black "Bressan, Marco"]
[Result "1-0"]
[WhiteElo "1751"]
[BlackElo "1587"]
[PlyCount "51"]
[EventDate "2005.02.25"]

1. e4 d6 2. c4 c5 3. Nf3 Nc6 4. Nc3 g6 5. d4 cxd4 6. Nxd4 Bg7 7. Be3 Nf6 8. Qd2
Qa5 9. Nb3 Qd8 10. Bh6 O-O 11. Bxg7 Kxg7 12. Be2 b6 13. h4 h5 14. O-O-O Bb7 15.
f3 Ne5 16. Nd4 Rc8 17. b3 Qd7 18. Qg5 Kh7 19. Ndb5 Qe6 20. Nxa7 Ra8 21. Nab5
Rfc8 22. Nd4 Qd7 23. g4 hxg4 24. h5 gxh5 25. Nf5 Ng6 26. Qh6+ 1-0

[Event "V Open Alta Padovana B"]
[Site "Loreggia ITA"]
[Date "2005.02.26"]
[Round "2"]
[White "Scandiuzzi, Roberto"]
[Black "Mihalcea, Vasile"]
[Result "0-1"]
[WhiteElo "1560"]
[BlackElo "1661"]
[PlyCount "43"]
[EventDate "2005.02.25"]

1. d4 c6 2. c4 d5 3. Nf3 Nf6 4. Bg5 Ne4 5. e3 Bg4 6. Be2 Bxf3 7. Bxf3 Nxg5 8.
cxd5 Nxf3+ 9. Qxf3 Qxd5 10. Nd2 e6 11. O-O Bd6 12. Qe2 Nd7 13. b3 Nf6 14. f3
Qh5 15. h3 g5 16. Nc4 Bc7 17. Ne5 Rg8 18. Kh2 g4 19. f4 gxh3 20. Qxh5 Nxh5 21.
gxh3 f6 22. Ng4 0-1

[Event "V Open Alta Padovana B"]
[Site "Loreggia ITA"]
[Date "2005.02.26"]
[Round "2"]
[White "Scarangella, Luca"]
[Black "Colombo, Luca"]
[Result "1/2-1/2"]
[WhiteElo "1497"]
[BlackElo "1640"]
[PlyCount "109"]
[EventDate "2005.02.25"]

1. d4 d5 2. c4 dxc4 3. e3 e5 4. Bxc4 exd4 5. Qf3 Qf6 6. exd4 Qe7+ 7. Be3 Nc6 8.
Ne2 Qf6 9. Qxf6 Nxf6 10. O-O Bd6 11. Nbc3 a6 12. a3 b5 13. Ba2 Bb7 14. Rfe1 O-O
15. Rad1 Ne7 16. Bf4 Nc8 17. Bxd6 Nxd6 18. b4 Nde4 19. f3 Nxc3 20. Nxc3 Rfe8
21. Kf2 Kf8 22. Rxe8+ Nxe8 23. Bb1 g6 24. Be4 c6 25. d5 cxd5 26. Bxd5 Bxd5 27.
Nxd5 Rc8 28. Rd3 Rc2+ 29. Kg3 h5 30. Ne3 Ra2 31. h4 Kg8 32. Kh3 f5 33. Kg3 Kf7
34. Kf4 Ng7 35. Ke5 Re2 36. f4 Ne6 37. g3 Nd8 38. Kd5 Ne6 39. Kc6 Nd4+ 40. Kb6
Ne6 41. Kxa6 Nd4 42. Nf1 Re6+ 43. Ka5 Rd6 44. Re3 Re6 45. Rxe6 Kxe6 46. a4 bxa4
47. Kxa4 Kd5 48. b5 Kc5 49. b6 Kxb6 50. Kb4 Kc6 51. Kc4 Ne6 52. Ne3 Nc5 53. Kd4
Ne4 54. Nf1 Kd6 55. Kc4 1/2-1/2

[Event "V Open Alta Padovana B"]
[Site "Loreggia ITA"]
[Date "2005.02.26"]
[Round "2"]
[White "Valentini, Paola"]
[Black "Menin, Massimo"]
[Result "1-0"]
[WhiteElo "1790"]
[BlackElo "1538"]
[PlyCount "77"]
[EventDate "2005.02.25"]

1. c4 c5 2. Nc3 g6 3. g3 Bg7 4. Bg2 e6 5. d3 Ne7 6. e4 Nbc6 7. Nge2 O-O 8. O-O
f5 9. Rb1 a5 10. Bf4 e5 11. Bg5 Nd4 12. Nxd4 cxd4 13. Nd5 Rf7 14. Nxe7+ Rxe7
15. Bxe7 Qxe7 16. Qf3 d6 17. Rbd1 Bd7 18. exf5 Bxf5 19. Qxb7 Qxb7 20. Bxb7 Rb8
21. Bd5+ Kh8 22. Rd2 Bh6 23. f4 Kg7 24. Be4 Bh3 25. Rff2 Rf8 26. Rc2 exf4 27.
gxf4 Bxf4 28. Rf3 Be3+ 29. Kh1 Bf5 30. Bxf5 Rxf5 31. Rxf5 gxf5 32. c5 dxc5 33.
Rxc5 f4 34. Rxa5 f3 35. Rf5 f2 36. Kg2 Kg6 37. Rd5 h5 38. b4 h4 39. h3 1-0

[Event "V Open Alta Padovana B"]
[Site "Loreggia ITA"]
[Date "2005.02.26"]
[Round "2"]
[White "Vedovato, Rudi"]
[Black "Paris, Giorgio"]
[Result "1/2-1/2"]
[WhiteElo "1691"]
[BlackElo "1849"]
[PlyCount "62"]
[EventDate "2005.02.25"]

1. d4 Nf6 2. c4 g6 3. Nc3 d5 4. Nf3 Bg7 5. e3 O-O 6. Bd3 c5 7. O-O dxc4 8. Bxc4
cxd4 9. Nxd4 Qc7 10. Qb3 a6 11. Rd1 e5 12. Nde2 Nc6 13. Nd5 Nxd5 14. Bxd5 Re8
15. e4 Be6 16. Be3 Rac8 17. Rac1 Bf8 18. Nc3 Na5 19. Qb6 Qxb6 20. Bxb6 Nc4 21.
Bxc4 Rxc4 22. Nd5 Rec8 23. Be3 Kg7 24. f3 Rc2 25. Rxc2 Rxc2 26. Rd2 Rc6 27. a3
h6 28. Kf2 g5 29. g4 Rc4 30. Rd3 b5 31. Rc3 Rxc3 1/2-1/2

[Event "V Open Alta Padovana B"]
[Site "Loreggia ITA"]
[Date "2005.02.26"]
[Round "3"]
[White "Bellemo, Davide"]
[Black "Dal Maschio, Costantino"]
[Result "1-0"]
[WhiteElo "1742"]
[BlackElo "1844"]
[PlyCount "105"]
[EventDate "2005.02.25"]

1. d4 Nf6 2. c4 g6 3. g3 Bg7 4. Bg2 d5 5. cxd5 Nxd5 6. Nc3 c6 7. Nxd5 cxd5 8.
e3 O-O 9. Ne2 e6 10. O-O Bd7 11. b3 Bc6 12. Ba3 Re8 13. Qd2 Nd7 14. Rac1 a5 15.
Rc2 Nb6 16. Nf4 a4 17. Bb2 axb3 18. axb3 Nd7 19. Nd3 Bf8 20. Ba1 Qb6 21. Rb1
Ra3 22. b4 Qa6 23. Bc3 Bb5 24. Bf1 Nb6 25. Nc5 Bxc5 26. Bxb5 Qxb5 27. dxc5 Nd7
28. Qd4 f6 29. Rd1 Ne5 30. Kg2 Rf8 31. e4 Nc6 32. Qd2 d4 33. Ba1 e5 34. Rb1
Rfa8 35. Qe1 Qd3 36. Rcc1 Qf3+ 37. Kg1 Ra2 38. b5 Re2 39. Qf1 Ne7 40. c6 bxc6
41. bxc6 Raa2 42. c7 Rxf2 43. c8=Q+ Nxc8 44. Rxc8+ Kg7 45. Rc7+ Kh6 46. Qh3+
Qh5 47. Qxh5+ gxh5 48. Rbb7 Rg2+ 49. Kf1 Rgf2+ 50. Ke1 Rfe2+ 51. Kd1 f5 52.
Rb6+ Kg5 53. Rg7# 1-0

[Event "V Open Alta Padovana B"]
[Site "Loreggia ITA"]
[Date "2005.02.26"]
[Round "3"]
[White "Bressan, Marco"]
[Black "Valentini, Paola"]
[Result "1-0"]
[WhiteElo "1587"]
[BlackElo "1790"]
[PlyCount "105"]
[EventDate "2005.02.25"]

1. d4 Nf6 2. c4 e6 3. Nc3 Bb4 4. Qc2 d5 5. Bg5 O-O 6. a3 Be7 7. Nf3 Nc6 8. e3
a6 9. b4 dxc4 10. Bxc4 b6 11. O-O Bb7 12. Rad1 Nd5 13. Nxd5 exd5 14. Bxe7 Nxe7
15. Bd3 h6 16. Rc1 Rc8 17. Qe2 Ra8 18. Ne5 Qd6 19. f4 a5 20. b5 a4 21. Rc3 c5
22. bxc6 Nxc6 23. Nxc6 Bxc6 24. Bb5 Bxb5 25. Qxb5 Ra5 26. Qc6 Qxc6 27. Rxc6 Rb5
28. Rfc1 Re8 29. R1c3 Re6 30. Kf2 Rb2+ 31. Kf3 b5 32. Rc8+ Kh7 33. Rb8 Rg6 34.
g4 f5 35. h3 fxg4+ 36. hxg4 h5 37. g5 b4 38. Rcc8 Rxg5 39. fxg5 bxa3 40. Ra8
Rb4 41. Rc3 a2 42. Ra3 Kg6 43. Rxa2 Kxg5 44. R8xa4 Rb1 45. Rg2+ Kf5 46. Rxg7
Rf1+ 47. Kg2 Re1 48. Ra5 Kf6 49. Rd7 Rxe3 50. Rd6+ Kg5 51. Rdxd5+ Kg4 52. Rg5+
Kf4 53. Raf5+ 1-0

[Event "V Open Alta Padovana B"]
[Site "Loreggia ITA"]
[Date "2005.02.26"]
[Round "3"]
[White "Colombo, Luca"]
[Black "Molena, Paolo"]
[Result "0-1"]
[WhiteElo "1640"]
[BlackElo "1541"]
[PlyCount "110"]
[EventDate "2005.02.25"]

1. e4 c5 2. Nf3 Nc6 3. d4 cxd4 4. Nxd4 Nxd4 5. Qxd4 Qb6 6. Qxb6 axb6 7. Bb5 e5
8. O-O Ne7 9. Nc3 Nc6 10. Nd5 Bd6 11. Nxb6 Rb8 12. Nd5 O-O 13. Be3 Nd4 14. Bxd4
exd4 15. Rad1 Ra8 16. a3 Ra5 17. Bc4 b5 18. Bb3 Be5 19. f4 Bf6 20. e5 Bd8 21.
Rxd4 Bb7 22. Kh1 b4 23. Rxb4 Bxd5 24. Bxd5 Rxd5 25. c3 Rd2 26. Rb7 d6 27. Rd7
Rxb2 28. Rxd6 Rb3 29. Rfd1 Ba5 30. c4 Rxa3 31. R6d5 h6 32. g3 Rc8 33. c5 Rc3
34. c6 Bc7 35. Kg2 Rxc6 36. Kf3 Rc4 37. Rd7 Kf8 38. R7d5 Ke8 39. Rb1 Rb8 40.
Ra1 h5 41. Rd3 Rd8 42. Rda3 Rcd4 43. Kg2 h4 44. Kh3 hxg3 45. hxg3 g5 46. Ra7
Bb8 47. Rb7 gxf4 48. Kg4 Bxe5 49. gxf4 Rxf4+ 50. Kg5 f6+ 51. Kg6 Bxa1 52. Ra7
Be5 53. Rh7 Rg4+ 54. Kf5 Rg5+ 55. Ke6 Rd6# 0-1

[Event "V Open Alta Padovana B"]
[Site "Loreggia ITA"]
[Date "2005.02.26"]
[Round "3"]
[White "De Vries, Bernhard"]
[Black "Mosca, Giulia"]
[Result "1/2-1/2"]
[WhiteElo "1604"]
[BlackElo "1587"]
[PlyCount "76"]
[EventDate "2005.02.25"]

1. d4 d5 2. Nf3 Nf6 3. c4 e6 4. Nc3 Nbd7 5. e3 Be7 6. Bd3 O-O 7. O-O dxc4 8.
Bxc4 c5 9. dxc5 Nxc5 10. Qc2 b6 11. b4 Ncd7 12. a3 Qc7 13. Bd3 Bb7 14. Nd4 Rfc8
15. Bb2 Ne5 16. Rac1 Nxd3 17. Qxd3 Qd7 18. Qe2 Nd5 19. Rfd1 Nxc3 20. Bxc3 Qa4
21. Qb2 Bf6 22. f3 Bxd4 23. Bxd4 f6 24. e4 Rxc1 25. Rxc1 Rc8 26. Rxc8+ Bxc8 27.
Qc3 Qd7 28. Qc4 Bb7 29. Kf2 Qf7 30. Ke3 e5 31. Qxf7+ Kxf7 32. Bc3 Ke6 33. b5
Bc8 34. g4 Bd7 35. a4 Kf7 36. Kd3 Be6 37. a5 Ke8 38. h4 Kd7 1/2-1/2

[Event "V Open Alta Padovana B"]
[Site "Loreggia ITA"]
[Date "2005.02.26"]
[Round "3"]
[White "Demiraj, Rumi"]
[Black "Basso, Piergiorgio"]
[Result "0-1"]
[WhiteElo "1967"]
[BlackElo "1700"]
[PlyCount "88"]
[EventDate "2005.02.25"]

1. e4 c5 2. Nf3 d6 3. d4 cxd4 4. Nxd4 Nf6 5. Nc3 e6 6. Bd3 Be7 7. O-O a6 8. Be3
Qc7 9. h3 Nbd7 10. g4 h6 11. f4 Nh7 12. f5 e5 13. Nd5 Qd8 14. Nf3 Nhf6 15. c4
Nxd5 16. cxd5 Nc5 17. Bxc5 dxc5 18. a4 Bd6 19. Kg2 Qb6 20. Qd2 Bd7 21. h4 O-O-O
22. Rfc1 Kb8 23. Qe2 g6 24. Rc2 Rhg8 25. Kh2 gxf5 26. gxf5 Bxf5 27. exf5 e4+
28. Kh1 exf3 29. Qxf3 Rg3 30. Qf1 Rdg8 31. Rd1 Qd8 32. Rh2 Rg1+ 33. Qxg1 Rxg1+
34. Rxg1 Bxh2 35. Kxh2 Qxh4+ 36. Kg2 Qd4 37. Bb1 Qxb2+ 38. Kf3 Qc3+ 39. Kf2
Qd4+ 40. Kg2 Qxd5+ 41. Kh2 c4 42. Bc2 b5 43. Rd1 Qe5+ 44. Kg2 Qe2+ 0-1

[Event "V Open Alta Padovana B"]
[Site "Loreggia ITA"]
[Date "2005.02.26"]
[Round "3"]
[White "Di Cerbo, Giulia"]
[Black "Bonani, Georg"]
[Result "0-1"]
[WhiteElo "1715"]
[BlackElo "1892"]
[PlyCount "73"]
[EventDate "2005.02.25"]

1. d4 d5 2. Nf3 Nf6 3. e3 Bg4 4. Nbd2 Nbd7 5. Be2 e6 6. c3 c5 7. O-O Bd6 8. c4
O-O 9. b3 Qc7 10. h3 Bh5 11. Bb2 Rfe8 12. dxc5 Bxc5 13. Rc1 Qd6 14. cxd5 exd5
15. Nd4 Bg6 16. N2f3 Ne4 17. Nb5 Qb6 18. Qxd5 Rad8 19. Bd4 Bxd4 20. Qxd4 Ndc5
21. Qc4 a6 22. Nbd4 Qf6 23. Qb4 Qe7 24. Rfd1 Rd5 25. Qe1 Red8 26. Bc4 R5d6 27.
Bd3 Nxd3 28. Rxd3 Nxf2 29. Rdc3 Nd3 30. Rc7 Qf6 31. Qc3 Nxc1 32. Qxc1 R6d7 33.
Rxd7 Rxd7 34. Ne5 Rd8 35. Qc7 Re8 36. Nd7 Qe7 37. Qxb7 0-1

[Event "V Open Alta Padovana B"]
[Site "Loreggia ITA"]
[Date "2005.02.26"]
[Round "3"]
[White "Favero, Graziano"]
[Black "Reginato, Sabrina"]
[Result "0-1"]
[WhiteElo "1751"]
[BlackElo "1637"]
[PlyCount "123"]
[EventDate "2005.02.25"]

1. e4 c5 2. Nf3 d6 3. d4 cxd4 4. Nxd4 Nf6 5. Nc3 a6 6. Be2 e6 7. O-O Be7 8. Be3
O-O 9. f4 Qc7 10. Qe1 b5 11. a3 Bb7 12. Bd3 Nc6 13. Qg3 Kh8 14. Nf3 Rac8 15. e5
Nh5 16. Qh3 g6 17. Ne4 dxe5 18. fxe5 Nxe5 19. Bd4 f6 20. Bxe5 fxe5 21. Qxe6
Bc5+ 22. Kh1 Rce8 23. Qh3 Nf4 24. Qh6 Bd4 25. Nxd4 exd4 26. g3 Ne6 27. Kg1 Qg7
28. Qxg7+ Kxg7 29. Nd6 Rb8 30. Rxf8 Kxf8 31. Rf1+ Ke7 32. Nxb7 Rxb7 33. Kf2 Kd6
34. Ke2 Re7 35. Kd2 Kc7 36. a4 Kb6 37. axb5 axb5 38. Re1 Re8 39. Re5 Nc7 40.
Rxe8 Nxe8 41. Ke2 Nf6 42. Kf3 g5 43. h4 h6 44. Ke2 Kc5 45. Bg6 Nd5 46. hxg5
hxg5 47. Kf3 Nf6 48. Bf7 Kd6 49. Ke2 Nd5 50. Kf3 Nf6 51. Bb3 Kc5 52. Be6 Kd6
53. Bf5 Kd5 54. Ke2 Ne4 55. Bxe4+ Kxe4 56. b4 g4 57. Kf2 Kd5 58. Ke2 Kc4 59.
Kd2 Kxb4 60. Kd3 Kc5 61. c3 dxc3 62. Kxc3 0-1

[Event "V Open Alta Padovana B"]
[Site "Loreggia ITA"]
[Date "2005.02.26"]
[Round "3"]
[White "Fogliato, Denis"]
[Black "Giordan, Daniele"]
[Result "0-1"]
[WhiteElo "1599"]
[BlackElo "1732"]
[PlyCount "74"]
[EventDate "2005.02.25"]

1. d4 d5 2. Nf3 Nf6 3. c4 c6 4. a4 e6 5. Bg5 Qa5+ 6. Bd2 Bb4 7. Bxb4 Qxb4+ 8.
Qd2 Qxc4 9. e3 Qb3 10. Nc3 Nbd7 11. a5 Qb4 12. Bd3 O-O 13. O-O Qd6 14. Rfc1 e5
15. dxe5 Nxe5 16. Nxe5 Qxe5 17. b4 a6 18. Na4 Bf5 19. Qc2 Bg6 20. Nb6 Rad8 21.
Na4 Ng4 22. g3 Nxe3 23. Qe2 Bxd3 24. Qxd3 Ng4 25. Re1 Qh5 26. h4 Rfe8 27. Nc5
Ne5 28. Rxe5 Qxe5 29. Nxb7 Qxa1+ 30. Kg2 Rb8 31. Qxa6 Qd4 32. Qxc6 Qe4+ 33. Kh2
d4 34. Qxe4 Rxe4 35. a6 Rxb7 36. b5 Rxb5 37. a7 Ra5 0-1

[Event "V Open Alta Padovana B"]
[Site "Loreggia ITA"]
[Date "2005.02.26"]
[Round "3"]
[White "Gerundino, Nicola"]
[Black "Fracasso Pezzolato, Michele"]
[Result "1/2-1/2"]
[WhiteElo "1826"]
[BlackElo "1685"]
[PlyCount "80"]
[EventDate "2005.02.25"]

1. e4 c5 2. Nf3 d6 3. d4 cxd4 4. Qxd4 Nc6 5. Bb5 Bd7 6. Bxc6 Bxc6 7. Nc3 Nf6 8.
Bg5 Qc7 9. O-O-O h6 10. Bxf6 gxf6 11. Nd5 Qa5 12. Kb1 O-O-O 13. Rd3 Qc5 14.
Rhd1 Qxd4 15. Nxd4 e6 16. Nxc6 bxc6 17. Nxf6 Be7 18. Ng4 Kc7 19. c4 h5 20. Ne3
Bf6 21. Ra3 Ra8 22. Rdd3 Rhb8 23. Rdb3 Bd4 24. Kc2 Bc5 25. Rxb8 Rxb8 26. Rd3
Rg8 27. g3 a5 28. Nd1 Kd7 29. Rb3 Kc7 30. Rf3 Rg7 31. Rf4 Kd7 32. Kd3 Ke7 33.
Rh4 Rh7 34. g4 Kf6 35. f4 Kg6 36. g5 e5 37. Ne3 exf4 38. Rxf4 Kxg5 39. Rf5+ Kg6
40. Ng2 h4 1/2-1/2

[Event "V Open Alta Padovana B"]
[Site "Loreggia ITA"]
[Date "2005.02.26"]
[Round "3"]
[White "Menin, Massimo"]
[Black "De Minico, Nicola"]
[Result "1/2-1/2"]
[WhiteElo "1538"]
[BlackElo "1646"]
[PlyCount "101"]
[EventDate "2005.02.25"]

1. e4 d5 2. exd5 Nf6 3. c4 c6 4. Nc3 cxd5 5. d4 dxc4 6. Bxc4 e6 7. a3 Nc6 8.
Nf3 Be7 9. O-O O-O 10. Re1 a6 11. d5 exd5 12. Nxd5 Nxd5 13. Qxd5 Bf6 14. Qh5 b5
15. Ba2 h6 16. Bxh6 gxh6 17. Qxh6 Bg7 18. Qh5 Qf6 19. Ng5 Bf5 20. Bb1 Bg6 21.
Bxg6 Qxg6 22. Qxg6 fxg6 23. Rab1 Nd4 24. Ne6 Nxe6 25. Rxe6 Rf6 26. Re2 Rc8 27.
Rbe1 Rfc6 28. g3 Rc2 29. Re8+ Rxe8 30. Rxe8+ Kf7 31. Ra8 Rxb2 32. Rxa6 Bd4 33.
Kg2 Rxf2+ 34. Kh3 Ra2 35. Ra5 Bc3 36. Rxb5 Rxa3 37. Rd5 Bf6 38. Rd2 g5 39. Kg2
Kg6 40. g4 Be5 41. Re2 Bf4 42. Rc2 Ra7 43. Rf2 Rh7 44. h3 Ra7 45. h4 Ra3 46.
hxg5 Kxg5 47. Rc2 Kxg4 48. Kf2 Rh3 49. Ke2 Rh2+ 50. Kd3 Rh3+ 51. Kc4 1/2-1/2

[Event "V Open Alta Padovana B"]
[Site "Loreggia ITA"]
[Date "2005.02.26"]
[Round "3"]
[White "Mihalcea, Vasile"]
[Black "Bonollo, Sergio"]
[Result "0-1"]
[WhiteElo "1661"]
[BlackElo "1859"]
[PlyCount "32"]
[EventDate "2005.02.25"]

1. e4 g6 2. Nf3 Bg7 3. Bc4 e6 4. d4 Ne7 5. Nc3 O-O 6. Be3 d5 7. Bd3 c6 8. Qd2
Nd7 9. e5 f6 10. Bh6 fxe5 11. Ng5 Bxh6 12. h4 e4 13. Qe3 Nf5 14. Qe2 Bxg5 15.
hxg5 Qxg5 16. Bxe4 16... dxe4 {...} 0-1

[Event "V Open Alta Padovana B"]
[Site "Loreggia ITA"]
[Date "2005.02.26"]
[Round "3"]
[White "Pomaro, Stefano"]
[Black "Vedovato, Rudi"]
[Result "1/2-1/2"]
[WhiteElo "1723"]
[BlackElo "1691"]
[PlyCount "66"]
[EventDate "2005.02.25"]

1. e4 d5 2. exd5 Nf6 3. c4 e6 4. Nc3 exd5 5. cxd5 Nxd5 6. Bc4 Nxc3 7. bxc3 Bd6
8. Qe2+ Qe7 9. d4 Qxe2+ 10. Nxe2 O-O 11. O-O Nc6 12. Bf4 Bxf4 13. Nxf4 Na5 14.
Bd3 c6 15. Rfe1 Bd7 16. Re7 Rad8 17. Rae1 Rfe8 18. Kf1 Kf8 19. R7e5 b5 20. R1e3
g6 21. h4 h5 22. Rxe8+ Rxe8 23. Rxe8+ Bxe8 24. Ke2 Ke7 25. Ke3 Kd6 26. Nh3 Nc4+
27. Bxc4 bxc4 28. Ng5 f6 29. Ne4+ Ke6 30. Nc5+ Kd5 31. Kf4 Bf7 32. Ne4 Ke6 33.
Ke3 Be8 1/2-1/2

[Event "V Open Alta Padovana B"]
[Site "Loreggia ITA"]
[Date "2005.02.26"]
[Round "3"]
[White "Porta, Federico"]
[Black "Omeri, Silvan"]
[Result "1/2-1/2"]
[WhiteElo "1781"]
[BlackElo "1600"]
[PlyCount "130"]
[EventDate "2005.02.25"]

1. d4 Nf6 2. Nf3 g6 3. Bf4 d5 4. e3 Bg7 5. Bd3 O-O 6. h3 c5 7. c3 c4 8. Bc2 Nc6
9. Nbd2 Qa5 10. O-O b5 11. a3 Qb6 12. e4 e6 13. exd5 exd5 14. Re1 Bd7 15. Nf1
Rfe8 16. Ne3 a5 17. Ne5 Be6 18. Nf3 b4 19. Ba4 Red8 20. Ng5 Bc8 21. Nf3 Be6 22.
Ng5 Bc8 23. Nf3 h6 24. Ne5 Nxe5 25. Bxe5 Be6 26. Bc2 bxc3 27. bxc3 Qb2 28. Bxf6
Bxf6 29. Qd2 Qb5 30. Rab1 Qc6 31. Bd1 Bg5 32. Qa2 Bxe3 33. fxe3 h5 34. Bf3 Rab8
35. Rb2 Qd6 36. Reb1 Rxb2 37. Qxb2 Bf5 38. Re1 Rb8 39. Qc1 Rb1 40. Qd2 Rxe1+
41. Qxe1 Qxa3 42. Bxd5 Qb3 43. e4 Be6 44. Bxe6 fxe6 45. Qg3 Qb1+ 46. Kh2 Qxe4
47. Qb8+ Kf7 48. Qc7+ Kf6 49. Qxa5 Qf4+ 50. Kg1 Qe4 51. Qd8+ Kf5 52. Qf8+ Kg5
53. Qe7+ Kf5 54. Qc5+ Qd5 55. Qf8+ Kg5 56. Qf2 Qe4 57. Qd2+ Qf4 58. Qe2 Qc1+
59. Kh2 Qxc3 60. Qe5+ Kh6 61. Qf4+ Kg7 62. Qe5+ Kf7 63. Qc7+ Kf6 64. Qe5+ Ke7
65. Qc7+ Ke8 1/2-1/2

[Event "V Open Alta Padovana B"]
[Site "Loreggia ITA"]
[Date "2005.02.26"]
[Round "3"]
[White "Sanavio, Giancarlo"]
[Black "Paris, Giorgio"]
[Result "1/2-1/2"]
[WhiteElo "1685"]
[BlackElo "1849"]
[PlyCount "86"]
[EventDate "2005.02.25"]

1. Nf3 Nf6 2. c4 g6 3. b4 d5 4. cxd5 Qxd5 5. Nc3 Qd6 6. a3 Bg7 7. Bb2 O-O 8. e4
e5 9. Nb5 Qb6 10. Nxe5 c6 11. Nc3 Re8 12. d4 Nbd7 13. Nc4 Qc7 14. Bd3 Nb6 15.
Nd2 Nfd5 16. Nxd5 cxd5 17. O-O dxe4 18. Nxe4 Be6 19. Qd2 Rad8 20. Rac1 Qe7 21.
Bb5 Bd7 22. Bxd7 Qxd7 23. Nc5 Qd5 24. Qd3 Re7 25. Qb3 Qxb3 26. Nxb3 Re2 27. Rb1
Nc4 28. Bc1 Rde8 29. a4 Ra2 30. a5 Ree2 31. Bf4 Re4 32. Bb8 Bf8 33. Rbc1 b5 34.
Nc5 Rxd4 35. Bxa7 Rdd2 36. Rcd1 Re2 37. Rde1 Bg7 38. Rxe2 Rxe2 39. Bb6 Bc3 40.
Rd1 Bxb4 41. Nb3 Ra2 42. g4 Nxa5 43. Rd8+ Kg7 1/2-1/2

[Event "V Open Alta Padovana B"]
[Site "Loreggia ITA"]
[Date "2005.02.26"]
[Round "3"]
[White "Simioli, Stefano"]
[Black "Scarangella, Luca"]
[Result "1-0"]
[WhiteElo "1573"]
[BlackElo "1497"]
[PlyCount "68"]
[EventDate "2005.02.25"]

1. e4 c6 2. d4 d5 3. Nc3 dxe4 4. Nxe4 e6 5. Bc4 Be7 6. Nf3 Nf6 7. Ng3 Qb6 8.
O-O Nbd7 9. a3 O-O 10. Rb1 Bxa3 11. Be3 Be7 12. d5 Qb4 13. dxe6 Qxc4 14. exd7
Nxd7 15. b3 Qb4 16. Re1 Qd6 17. Qe2 Bf6 18. Rbd1 Qc7 19. Bd4 Bxd4 20. Rxd4 Nf6
21. h3 Be6 22. Ng5 Rfe8 23. Qd2 h6 24. Nxe6 Rxe6 25. Rd1 Nd5 26. c4 Nf6 27. Nf5
Rae8 28. Nxh6+ gxh6 29. Qxh6 Qe5 30. Rh4 Nh7 31. Qxh7+ Kf8 32. Rh5 Qe2 33. Rd7
Qxh5 34. Qxh5 Kg7 1-0

[Event "V Open Alta Padovana B"]
[Site "Loreggia ITA"]
[Date "2005.02.26"]
[Round "3"]
[White "Tomio, Dante"]
[Black "Quaranta, Gaetano"]
[Result "1-0"]
[WhiteElo "1891"]
[BlackElo "1751"]
[PlyCount "176"]
[EventDate "2005.02.25"]

1. d4 Nf6 2. Nf3 g6 3. c4 Bg7 4. Nc3 O-O 5. e4 d6 6. Be2 Nbd7 7. Bg5 h6 8. Bh4
a5 9. Qc2 c5 10. d5 g5 11. Bg3 Nh5 12. h4 Nxg3 13. fxg3 g4 14. Nh2 h5 15. O-O
Ne5 16. Nd1 e6 17. Ne3 Ng6 18. Kh1 Be5 19. dxe6 Bxe6 20. Nf5 Ne7 21. Qd2 Bxf5
22. exf5 Nc6 23. Qh6 Qf6 24. Qxh5 Bxg3 25. Qxg4+ Qg7 26. Qh5 Nd4 27. Bd3 f6 28.
Be4 Rfe8 29. Bd5+ Kf8 30. Nf3 Ne2 31. Ng5 Nf4 32. Rxf4 Bxf4 33. Ne6+ Rxe6 34.
Bxe6 Ke7 35. Qf3 Kd8 36. Qxf4 Kc7 37. Rd1 Rd8 38. Rd3 Qh7 39. g4 Qxh4+ 40. Kg2
Qe1 41. Qe3 Qb1 42. Rd2 Rh8 43. Qg1 Qe4+ 44. Kf2 Qf4+ 45. Ke1 Qe4+ 46. Re2 Qf3
47. Bd5 Qf4 48. Re7+ Kd8 49. Qe3 Qxe3+ 50. Rxe3 b6 51. Bc6 Kc7 52. Bd5 Kd8 53.
Re6 Rh4 54. Rxf6 Rxg4 55. Rxd6+ Kc7 56. Rc6+ Kd7 57. Rxb6 Rf4 58. Be6+ Ke7 59.
Rb5 Re4+ 60. Kd2 Kd6 61. Rxa5 Rd4+ 62. Kc3 Rf4 63. Ra6+ Ke7 64. a4 Rf3+ 65. Kd2
Rf2+ 66. Ke3 Rxb2 67. Rc6 Rb3+ 68. Kf4 Rb4 69. a5 Ra4 70. Rxc5 Kd6 71. Rd5+ Kc6
72. Ke5 Ra2 73. f6 Re2+ 74. Kf5 Rf2+ 75. Kg6 Re2 76. Kf7 Rh2 77. Ke7 Rh7+ 78.
f7 Kb7 79. Ke8 Rh8+ 80. f8=Q Rxf8+ 81. Kxf8 Kc6 82. Rh5 Kb7 83. Bd5+ Ka6 84.
Bg2 Ka7 85. Rb5 Ka6 86. Rb1 Kxa5 87. c5 Ka6 88. c6 Ka5 1-0

[Event "V Open Alta Padovana B"]
[Site "Loreggia ITA"]
[Date "2005.02.26"]
[Round "3"]
[White "Zanetto, Marco"]
[Black "Colusso, Enrico"]
[Result "1/2-1/2"]
[WhiteElo "1691"]
[BlackElo "1712"]
[PlyCount "146"]
[EventDate "2005.02.25"]

1. e4 e5 2. Nf3 Nf6 3. Bc4 Nc6 4. O-O Nxe4 5. Nc3 Nxc3 6. dxc3 Be7 7. Qd5 O-O
8. Nxe5 Nxe5 9. Qxe5 d6 10. Qh5 g6 11. Qf3 Bf6 12. Bh6 Bg7 13. Bxg7 Kxg7 14.
Rfe1 c6 15. Re3 Qf6 16. Qg3 d5 17. Bd3 Qd8 18. Rae1 Bd7 19. Re7 Re8 20. Qd6 Kg8
21. R1e3 Rxe7 22. Rxe7 Be6 23. Qxd8+ Rxd8 24. Rxb7 Rd7 25. Rxd7 Bxd7 26. c4 d4
27. c5 f5 28. Bc4+ Kg7 29. f4 Kf6 30. Kf2 Be6 31. Bb3 Bxb3 32. axb3 a5 33. c4
dxc3 34. bxc3 Ke6 35. c4 h6 36. h4 Kf6 37. h5 gxh5 38. Kg3 h4+ 39. Kxh4 Kg6 40.
Kg3 Kf6 41. Kf3 Kg6 42. Ke3 h5 43. g3 h4 44. gxh4 Kh5 45. Kd3 Kxh4 46. Kd4 Kh5
47. Ke5 Kg4 48. Kd6 Kxf4 49. Kxc6 Kg5 50. Kb5 f4 51. c6 f3 52. c7 f2 53. c8=Q
f1=Q 54. Qd8+ Kh6 55. Qh4+ Kg6 56. Qe4+ Kg5 57. Qe7+ Kg6 58. Kxa5 Qa1+ 59. Kb5
Qb1 60. b4 Qf5+ 61. c5 Qd3+ 62. Kb6 Qc4 63. b5 Qg8 64. c6 Qb8+ 65. Qb7 Qd8+ 66.
c7 Qd4+ 67. Ka5 Qa1+ 68. Kb4 Qb2+ 69. Kc5 Qc3+ 70. Kd6 Qf6+ 71. Kc5 Qc3+ 72.
Kb6 Qd4+ 73. Ka5 Qa1+ 1/2-1/2

[Event "V Open Alta Padovana B"]
[Site "Loreggia ITA"]
[Date "2005.02.27"]
[Round "4"]
[White "Baldi, Giancarlo"]
[Black "Vedovato, Rudi"]
[Result "1-0"]
[WhiteElo "1760"]
[BlackElo "1691"]
[PlyCount "66"]
[EventDate "2005.02.25"]

1. Nf3 d5 2. d4 Nf6 3. e3 e6 4. Bd3 c5 5. c3 c4 6. Bc2 Nc6 7. Nbd2 b5 8. O-O
Bd6 9. Qe2 O-O 10. e4 Nxe4 11. Nxe4 dxe4 12. Qxe4 f5 13. Qxc6 Rb8 14. Ne5 Bxe5
15. dxe5 Bb7 16. Qxe6+ Kh8 17. Qd6 Qh4 18. Qd4 Qh5 19. Qf4 h6 20. e6 Qg6 21.
Qg3 Qxe6 22. Bf4 Rbe8 23. f3 g5 24. Bd2 Rg8 25. Qf2 g4 26. Rae1 Qg6 27. Rxe8
Qxe8 28. f4 Qh5 29. Qd4+ Kh7 30. Qd7+ Rg7 31. Qxf5+ Qxf5 32. Bxf5+ Kh8 33. Be3
h5 1-0

[Event "V Open Alta Padovana B"]
[Site "Loreggia ITA"]
[Date "2005.02.27"]
[Round "4"]
[White "Bellemo, Davide"]
[Black "Tomio, Dante"]
[Result "1/2-1/2"]
[WhiteElo "1742"]
[BlackElo "1891"]
[PlyCount "44"]
[EventDate "2005.02.25"]

1. d4 d5 2. c4 c6 3. Nc3 Nf6 4. Bg5 Nbd7 5. e3 h6 6. Bh4 e6 7. Nf3 Qa5 8. c5 b6
9. cxb6 Ne4 10. Qc2 Bb4 11. Rc1 Qxa2 12. Bd3 axb6 13. Bxe4 dxe4 14. Nd2 Bxc3
15. Qxc3 Qd5 16. O-O Bb7 17. Bg3 O-O 18. Nc4 Ba6 19. Rfd1 Bxc4 20. Qxc4 Rfc8
21. h3 Qxc4 22. Rxc4 Ra2 1/2-1/2

[Event "V Open Alta Padovana B"]
[Site "Loreggia ITA"]
[Date "2005.02.27"]
[Round "4"]
[White "Bonani, Georg"]
[Black "Colusso, Enrico"]
[Result "0-1"]
[WhiteElo "1892"]
[BlackElo "1712"]
[PlyCount "44"]
[EventDate "2005.02.25"]

1. e4 e5 2. f4 d5 3. exd5 Qxd5 4. Nc3 Qe6 5. f5 Qxf5 6. Nf3 Bc5 7. Bc4 Be6 8.
Bxe6 Qxe6 9. Qe2 Nc6 10. Na4 Bd6 11. O-O Nf6 12. d3 O-O-O 13. Nc3 Bc5+ 14. Kh1
Rd7 15. Bg5 Nd5 16. Na4 Be7 17. Bxe7 Qxe7 18. a3 Re8 19. Rae1 f5 20. Qf2 e4 21.
Nc5 e3 22. Qh4 Qxc5 0-1